A centripetal theory o democratic governance (Record no. 7848)

MARC details
000 -LEADER
fixed length control field 00433nam a22001697a 4500
003 - CONTROL NUMBER IDENTIFIER
control field OSt
005 - DATE AND TIME OF LATEST TRANSACTION
control field 20220324175736.0
008 - FIXED-LENGTH DATA ELEMENTS--GENERAL INFORMATION
fixed length control field 220324b ||||| |||| 00| 0 eng d
020 ## - INTERNATIONAL STANDARD BOOK NUMBER
International Standard Book Number 9780521883948
040 ## - CATALOGING SOURCE
Transcribing agency DDC
082 ## - DEWEY DECIMAL CLASSIFICATION NUMBER
Classification number 321.8 GER 2008
100 ## - MAIN ENTRY--PERSONAL NAME
Personal name Gerring, John : Thacker, Strom C
9 (RLIN) 15962
245 ## - TITLE STATEMENT
Title A centripetal theory o democratic governance
300 ## - PHYSICAL DESCRIPTION
Extent xiii,237p.
Dimensions ; 24 cm
504 ## - BIBLIOGRAPHY, ETC. NOTE
Bibliography, etc Index
942 ## - ADDED ENTRY ELEMENTS (KOHA)
Source of classification or shelving scheme Dewey Decimal Classification
Koha item type Book
Holdings
Withdrawn status Lost status Source of classification or shelving scheme Damaged status Not for loan Home library Current library Date acquired Source of acquisition Inventory number Total Checkouts Full call number Barcode Date last seen Price effective from Koha item type
    Dewey Decimal Classification     Faculty of Interdisciplinary Studies Library Faculty of Interdisciplinary Studies Library 24/03/2022 Purchase 11/4507   321.8 GER 2008 2022-0565 24/03/2022 24/03/2022 Book
    Dewey Decimal Classification     Faculty of Interdisciplinary Studies Library Faculty of Interdisciplinary Studies Library 24/03/2022 Purchase 11/4505   321.8 GER 2008 2022-0564 24/03/2022 24/03/2022 Book
    Dewey Decimal Classification     Faculty of Interdisciplinary Studies Library Faculty of Interdisciplinary Studies Library 24/03/2022 Purchase 11/4508   321.8 GER 2008 2022-0567 24/03/2022 24/03/2022 Book
    Dewey Decimal Classification     Faculty of Interdisciplinary Studies Library Faculty of Interdisciplinary Studies Library 24/03/2022 Purchase 11/4509   321.8 GER 2008 2022-0566 24/03/2022 24/03/2022 Book
    Other/Generic Classification Scheme     MUST Main Library MUST Main Library 24/03/2022 Purchase 11/4506   321.8 GER 2008 2022-0568 24/03/2022 24/03/2022 Book